000 00997na a2200289 4500
001 15601
003 MIRAKIL
005 20181213154923.0
008 160918b tu 000 0
020 _a9786054233441
035 _a15601
040 _aMilas
_btur
_cTR-AnCHP
082 _a333.79
_bE53e
090 _a333.79 E53e 2010
111 _aEnerji güvenliği dünya ve Türkiye paneli
_cİstanbul
_d28 Nisan 2010
245 _aEnerji güvenliği dünya ve Türkiye paneli
_cyayına hazırlayan: Durmuş Dündar.
246 _a"Enerji güvenliği dünya ve Türkiye" paneli
260 _aİstanbul
_bİstanbul Kültür Üniversitesi
_c2010
300 _aviii, 143 s.
_bftg.
_c23 sm.
490 _aİstanbul Kültür Üniversitesi yayınları
_v136
650 _aKüreselleşme
650 _aEnerji kaynakları
_xToplantılar
_zTürkiye
650 _aEnerji
_xToplantılar
650 _aEnerji Politikaları
_xToplantılar
_zTürkiye
700 _aDündar, Durmuş
942 _2ddc
_cBKS
999 _c3184
_d3184